| 000 | 01334cam a2200349Mi 4500 | ||
|---|---|---|---|
| 001 | 93231 | ||
| 005 | 20230411090051.0 | ||
| 008 | 040114s1997 sp 000 0 spa d | ||
| 035 | _a(OCoLC)ocn469916047 | ||
| 040 |
_aBDF _bfre _cBDF |
||
| 016 | 7 |
_aFRBNF391149110000007 _2FrPBN |
|
| 020 | _a8481641650 (br) | ||
| 020 | _a9788481641653 (br) | ||
| 029 | 1 |
_aZWZ _b053064151 |
|
| 035 | _a(OCoLC)469916047 | ||
| 049 | _aGRAL | ||
| 100 | 1 |
_aLago Carballo, Antonio, _d1923-.... _4aut |
|
| 245 | 1 | 0 |
_aAmérica en la conciencia española de nuestro tiempo / _cAntonio Lago Carballo ; prâol. de Pedro Laín Entralgo. |
| 260 |
_aMadrid : _bTrotta, _ccop. 1997. |
||
| 300 |
_a198 p. ; _c23 cm. |
||
| 490 | 0 | _aColección Estructuras y procesos, Serie Ciencias sociales | |
| 500 | _aNotes bibliogr. | ||
| 650 | 7 |
_aLittérature espagnole _y20e siáecle _xHistoire et critique. _2ram |
|
| 651 | 7 |
_aAmérique _xDans la littérature. _2ram |
|
| 700 | 1 |
_aLaín Entralgo, Pedro, _d1908-2001. _4aui |
|
| 760 | 0 |
_tColección Estructuras y procesos. Serie Ciencias sociales, _d1997 _w(FrPBN)37142999 |
|
| 856 | 4 | 2 |
_3Notice et cote du catalogue de la Bibliotháeque nationale de France _uhttp://catalogue.bnf.fr/ark:/12148/cb391149113 |
| 886 | 1 |
_2intermrc _a009 _baa----------------- |
|
| 942 |
_2lcc _cbk |
||
| 994 |
_aC0 _bDRFGD |
||
| 946 | _aYM | ||
| 999 |
_c111897 _d111897 |
||